00381nam a2200145Ia 450000500170000000800460001702000180006303700100008104000200009104100130011108400220012424500690014649000090021565000110022420250507125814.0008 250505s9999 xx 000 0 kor d a8803581194531 aAudio aEASLbengcEASL akor2eng aCD00315-316qEASL 0aBig Bang Best Music Video Collection 2006-2012 – Korea Edition vV. 2 aKorean